[Event "Regionalliga NW 9900"]
[Site "Bayern"]
[Date "2000.??.??"]
[Round "4.7"]
[White "Basel, Matthias"]
[Black "Wengerter, Bernd"]
[Result "1-0"]
[WhiteElo "2000"]
[BlackElo "1820"]
[PlyCount "117"]
[EventDate "1999.??.??"]
[EventType "team-tourn"]
[EventRounds "9"]
[EventCountry "GER"]
[SourceTitle "EXT 2020"]
[Source "ChessBase"]
[SourceDate "2019.10.17"]
[SourceVersion "1"]
[SourceVersionDate "2019.10.17"]
[SourceQuality "1"]
[WhiteTeam "Kitzingen SC"]
[BlackTeam "Klingenberg"]
[WhiteTeamCountry "GER"]
[BlackTeamCountry "GER"]

1. d4 Nf6 2. Nf3 e6 3. c4 b6 4. g3 Bb7 5. Bg2 c5 6. d5 exd5 7. Nh4 Be7 8. cxd5 d6 9. Nc3 Nbd7 10. 0-0 0-0 11. e4 Re8 12. Nf5 Bf8 13. Re1 g6 14. Nh6+ Bxh6 15. Bxh6 Nh5 16. Qc2 Ne5 17. h3 f6 18. Be3 Nc4 19. Bc1 Bc8 20. g4 Ng7 21. f4 a6 22. b3 Na5 23. Bb2 Ra7 24. Re2 b5 25. e5 fxe5 26. Ne4 Rf7 27. fxe5 dxe5 28. Qxc5 Nb7 29. Qe3 Nd6 30. Ba3 Nxe4 31. Bxe4 a5 32. Bc5 a4 33. Rd2 Bb7 34. Rad1 Rf4 35. Bg2 Rf7 36. Qe2 axb3 37. axb3 b4 38. Qb5 Ba8 39. Qxb4 Rf4 40. Qc3 Rf7 41. b4 h5 42. Rf1 Rxf1+ 43. Kxf1 hxg4 44. hxg4 Qf6+ 45. Qf3 Qa6+ 46. Qe2 Qa1+ 47. Rd1 Qc3 48. Qd3 Qxd3+ 49. Rxd3 e4 50. Rd4 e3 51. Ke2 Bb7 52. Be4 Kf7 53. Kxe3 Bc8 54. Kf3 Bd7 55. Bd3 g5 56. b5 Rc8 57. b6 Rb8 58. Rb4 Bc8 59. Bd6 1-0

[Event "Regionalliga NW 9900"]
[Site "Bayern"]
[Date "2000.??.??"]
[Round "6.6"]
[White "Wengerter, Bernd"]
[Black "Schnell, Manfred"]
[Result "1/2-1/2"]
[WhiteElo "1820"]
[BlackElo "2010"]
[PlyCount "156"]
[EventDate "1999.??.??"]
[EventType "team-tourn"]
[EventRounds "9"]
[EventCountry "GER"]
[SourceTitle "EXT 2020"]
[Source "ChessBase"]
[SourceDate "2019.10.17"]
[SourceVersion "1"]
[SourceVersionDate "2019.10.17"]
[SourceQuality "1"]
[WhiteTeam "Klingenberg"]
[BlackTeam "Dettingen"]
[WhiteTeamCountry "GER"]
[BlackTeamCountry "GER"]

1. d4 Nf6 2. c4 g6 3. Nc3 Bg7 4. e4 d6 5. Bg5 Nbd7 6. Be2 c6 7. Qd2 a6 8. Bh6 Bxh6 9. Qxh6 Qa5 10. Qd2 b5 11. Nf3 b4 12. Nd1 Nxe4 13. Qe3 Ndf6 14. 0-0 0-0 15. Bd3 d5 16. Ne5 Bb7 17. c5 Rad8 18. h3 Kg7 19. Kh2 Nxc5 20. dxc5 d4 21. Qd2 Qxc5 22. f4 a5 23. Rc1 Qd6 24. Nf2 c5 25. b3 Bd5 26. Nfg4 Nxg4+ 27. Nxg4 f6 28. Kh1 h5 29. Nh2 e5 30. fxe5 fxe5 31. Rxf8 Rxf8 32. Re1 Qf6 33. Rf1 Qe7 34. Rxf8 Kxf8 35. Qh6+ Qg7 36. Qxg6 Qxg6 37. Bxg6 e4 38. Nf1 d3 39. Bxh5 a4 40. Bd1 axb3 41. axb3 c4 42. bxc4 Bxc4 43. Kg1 b3 44. Nd2 b2 45. Kf2 Ba2 46. Ke3 b1Q 47. Nxb1 Bxb1 48. Bb3 Kg7 49. Bd5 Kf6 50. Bxe4 d2 51. Bf3 Bf5 52. h4 Ke5 53. g3 Bd7 54. Kxd2 Be6 55. Ke3 Bd7 56. Bd1 Be6 57. Bc2 Bg4 58. Bd3 Be6 59. h5 Kf6 60. Kf4 Bd7 61. h6 Be6 62. h7 Kg7 63. Kg5 Bd7 64. Bf5 Bb5 65. Kh5 Be8+ 66. Kh4 Bb5 67. g4 Be2 68. g5 Ba6 69. Kg3 Bb5 70. Kf4 Be8 71. Ke5 Bh5 72. Kf4 Be8 73. Kg4 Bf7 74. Kh4 Be8 75. Bg4 Kxh7 76. Bh5 Bc6 77. Bf7 Kg7 78. g6 Be4 1/2-1/2

[Event "Regionalliga NW 9899"]
[Site "Bayern"]
[Date "1999.??.??"]
[Round "9.7"]
[White "Gundermann, Achim"]
[Black "Wengerter, Bernd"]
[Result "1-0"]
[WhiteElo "1665"]
[BlackElo "1820"]
[PlyCount "83"]
[EventDate "1998.??.??"]
[EventType "team-tourn"]
[EventRounds "9"]
[EventCountry "GER"]
[SourceTitle "EXT 2020"]
[Source "ChessBase"]
[SourceDate "2019.10.17"]
[SourceVersion "1"]
[SourceVersionDate "2019.10.17"]
[SourceQuality "1"]
[WhiteTeam "Sand"]
[BlackTeam "Klingenberg"]
[WhiteTeamCountry "GER"]
[BlackTeamCountry "GER"]

1. e4 c5 2. Nc3 Nf6 3. g3 g6 4. Bg2 Bg7 5. f4 e6 6. Nf3 Nc6 7. 0-0 0-0 8. d3 d6 9. h3 Bd7 10. g4 Rb8 11. Ne2 b5 12. a3 b4 13. a4 Qb6 14. Kh2 Na5 15. Be3 Qc7 16. b3 Bc6 17. Ng3 Rbd8 18. f5 exf5 19. exf5 Bb7 20. Rc1 Nc6 21. Qd2 Nd5 22. Bh6 Ne5 23. Bxg7 Kxg7 24. Nxe5 dxe5 25. Bxd5 Rxd5 26. f6+ Kh8 27. Ne4 Rg8 28. Qh6 g5 29. Rf5 Rg6 30. Qh5 Rd8 31. Rxg5 Rxg5 32. Qxg5 Rg8 33. Qh6 Rg6 34. Qf8+ Rg8 35. Qxc5 Qd8 36. Nd6 Qf8 37. Nxb7 Qh6 38. Qg1 Qf4+ 39. Kg2 Qxf6 40. Nc5 Qc6+ 41. Ne4 f5 42. Qc5 1-0

[Event "Unterfranken-ch HA 48th"]
[Site "Bergrheinfeld"]
[Date "1997.??.??"]
[Round "7"]
[White "Werner, Stefan1111"]
[Black "Wengerter, Bernd"]
[Result "0-1"]
[WhiteElo "1597"]
[BlackElo "1755"]
[PlyCount "64"]
[EventDate "1997.03.31"]
[EventType "swiss"]
[EventRounds "9"]
[EventCountry "GER"]
[SourceTitle "EXT 2015"]
[Source "ChessBase"]
[SourceDate "2014.11.20"]
[SourceVersion "1"]
[SourceVersionDate "2014.11.20"]
[SourceQuality "1"]

1. e4 Nf6 2. e5 Nd5 3. c4 Nb6 4. d4 d6 5. f4 g6 6. Nf3 Bg7 7. Nc3 0-0 8. h3 dxe5 9. fxe5 e6 10. Qb3 Nc6 11. Be3 a5 12. a3 Bd7 13. Be2 a4 14. Qc2 Na5 15. Ne4 Bc6 16. Nc5 Ra7 17. Rd1 Qe7 18. 0-0 Raa8 19. Rf2 Rad8 20. Rdf1 f6 21. exf6 Bxf6 22. Ne5 Bxe5 23. Rxf8+ Rxf8 24. Rxf8+ Kxf8 25. dxe5 Nd7 26. Ne4 Qh4 27. Bf3 Qe1+ 28. Kh2 Qxe3 29. h4 Nxe5 30. Ng5 Ke7 31. Bxc6 Ng4+ 32. Kh1 Qe1# 0-1

[Event "Unterfranken-ch M2 43th"]
[Site "Sailauf"]
[Date "1992.??.??"]
[Round "?"]
[White "Kalusche, Christiane"]
[Black "Wengerter, Bernd"]
[Result "1-0"]
[WhiteElo "1535"]
[BlackElo "1646"]
[PlyCount "42"]
[EventDate "1992.04.20"]
[EventType "swiss"]
[EventRounds "9"]
[EventCountry "GER"]
[SourceTitle "EXT 1998"]
[Source "ChessBase"]
[SourceDate "1997.11.17"]
[SourceVersion "1"]
[SourceVersionDate "1997.11.17"]
[SourceQuality "1"]

1. e4 e5 2. Bc4 Nf6 3. Nc3 Bc5 4. d3 d6 5. Bg5 h6 6. Bh4 g5 7. Bg3 Be6 8. Bb3 Nc6 9. h4 g4 10. h5 Qd7 11. Qd2 Ng8 12. Nge2 0-0-0 13. Na4 Bb6 14. Nxb6+ axb6 15. f4 f5 16. fxe5 Nxe5 17. Qc3 Nf7 18. exf5 Bxb3 19. axb3 Qxf5 20. Rf1 Qxh5 21. Rxf7 Qh1+ 1-0